000 01044nam a22002537a 4500
008 240605b mp ||||| |||| 00| 0 mon d
020 _a978-99973-1-930-2
035 _a24458
040 _aHE0623081
_bmon
_cMN-UlNLM
_dMN-UlNLM
_erda
041 _amon
042 _a57198
084 _2NNA
_a84(0)
_bК.414
100 _aКинни Ж.
245 0 _aДүрсгүй жаалын өдрийн тэмдэглэл: Урт аялал
264 _aУБ.
_bМонсудар хэвлэлийн газар
_c2021
300 _a217х.
336 _2rdacontent
_atext
_btxt
337 _2rdamedia
_aunmediated
_bn
338 _2rdacarrier
_avolume
_bnc
490 _aДүрсгүй жаалын өдрийн тэмдэглэл
_v9
650 _aАсар их ирээдүйтэй эхэлсэн аялал нүд ирмэхийн зуурт хэд хэдэн ч удаа буруугаар эргэж орхино. Шатахуун түгээх станцын ариун цэври...
942 _2NNA
_cBK
999 _c894456
_d894513